Представление документа в формате RUSMARC

ПолеНазваниеЗначение
  Тип записи a
  Библиографический уровень a
001 Контрольный номер RU/УОНБ/EK_KRAY/320887863
005 Дата корректировки 20220304195953.0
100 Данные общей обработки __
a Данные общей обработки 20010726d2001 u u0rusy0103 ba
101 Язык документа 0_
a Язык текста rus
200 Заглавие и сведения об ответственности 1_
a Заглавие О целевых бюджетных экологических фондах Ульяновской области
e Сведения, относящиеся к заглавию закон Ульяновской области
210 Выходные данные 1_
d Дата издания 2001
330 Аннотация __
a Аннотация Целевые бюджетные экологические фонды. Изм. от 28 марта 2002 г.: Информ. бюл. законодат. Собр. Ульян. обл.- 2002.- N 3.- С. 20.
461 Уровень набора _0
1 2001
a Ульяновская правда
0 Уровень набора Ульяновская правда
463 Уровень физической единицы _0
1 2000
a 14 июня.; Информ. бюл. Законодат. Собр. Ульян. обл.- 2001.- N 5.- С. 113.
1 210
d 2001
610 Ключевые слова 0_
a Ключевые слова закон
610 Ключевые слова 0_
a Ключевые слова экологические фонды
686 Индексы других классификаций __
a Классификационный индекс 0Б(2...-4)
2 Код системы rubbk
801 Источник записи _0
a Страна RU
b Организация Ульяновская ОНБ
c Дата составления 20010726
g Правила каталогизации PSBO
801 Источник записи _1
a Страна RU
b Организация Ульяновская ОНБ
c Дата составления 20010726
901 Тип документа __
t Тип документа b
938 Служебная информация __
a Имя БД kraeved_work
b Имя библиотеки УОНБ
c Имя АИБС МАРК-SQL
d Номер DOC_ID в БД 31852